| 000 | 00725nam a22002057a 4500 | ||
|---|---|---|---|
| 999 |
_c20471 _d20471 |
||
| 003 | AR-CdUCM | ||
| 008 | 190530b ||||| |||| 00| 0 spa d | ||
| 040 |
_aMUNICIPALIDAD PROVINCIAL DEL CUSCO _cBIBLIOTECA MUNICIPAL DEL CUSCO |
||
| 082 |
_a508 / _bB45 |
||
| 100 |
_aBergamini, David _942807 |
||
| 245 | _aEl universo / | ||
| 260 |
_aMéxico : _bOffset Multicolor, _c1966. |
||
| 300 |
_a192 páginas; _c28 cm. _bFiguras. |
||
| 440 |
_aColección de la naturaleza de Life en español _936260 |
||
| 505 | _aContenido: Mitos y conceptos equivocados -- Exploratorio del universo -- Planetas, Aerolitos y cometas... | ||
| 650 |
_aAstronomía _920572 |
||
| 650 |
_aCosmología _913090 |
||
| 942 |
_2ddc _cLIBROS |
||
| 945 | _arcc | ||